| 000 | 00000nas 2200000za 4500 |
| 001 | 9.505984 |
| 003 | CaOODSP |
| 005 | 20221107133553 |
| 007 | cr ||||||||||| |
| 008 | 150406d20042018oncar psos|||f0 a0eng|d |
| 022 | |a1928-3512 |
| 040 | |aCaOODSP|beng |
| 043 | |an-cn--- |
| 086 | 1 |aIu41-3E-PDF |
| 222 | 0|aCanadian hydrogen and fuel cell sector profile |b(Online) |
| 245 | 00|aCanadian hydrogen and fuel cell sector profile |h[electronic resource]. |
| 260 | |aOttawa : |bIndustry Canada, |c2004-[2018] |
| 310 | |aAnnual |
| 362 | 1 |aBegan with 2004; ceased with 2018. |
| 500 | |aIssued also in French under title: Profil de l'industrie canadienne de l'hydrogène et des piles à combustible de ... |
| 520 | 3 |a"For more than a decade, the Government of Canada and the Canadian Hydrogen and Fuel Cell Association (CHFCA) have collaborated to develop an industry profile of the Canadian hydrogen and fuel cell sector." - 2015, p. 2.". |
| 530 | |aIssued also in printed form. |
| 550 | |aIssued 2015 by Innovation, Science and Economic Development Canada. |
| 692 | 07|2gccst|aEnergy technology |
| 692 | 07|2gccst|aAlternative energy |
| 710 | 1 |aCanada. |bInnovation, Science and Economic Development Canada. |
| 710 | 1 |aCanada. |bIndustry Canada. |
| 775 | 08|tProfil de l'industrie canadienne de l'hydrogène et des piles à combustible de ... |w(CaOODSP)9.502386 |